00980cam a22003014a 4500999001500000001000900015003000500024005001700029008004100046010001700087020002200104040001800126042000800144050002200152082001400174245011600188260004400304300002500348504004100373650001600414650001500430650002600445700002000471700002500491906004500516942001200561952010500573 c3664d366412338706Nust20180117090011.0010308s2001 dcu b 000 0 eng  a 2001017950 a0821348620 (pbk.) aDLCcDLCdDLC apcc00aHB501b.D423 200100a338.922100aDemocracy, market economics, and development :ban Asian perspective /cFarrukh Iqbal and Jong-Il You, editors. aWashington, D.C. :bWorld Bank,cc2001. axx, 180 p. ;c23 cm. aIncludes bibliographical references. 0aCapitalism. 0aDemocracy. 0aEconomic development.1 aIqbal, Farrukh.1 aYou, Jong-Il,d1958- a7bcbccorignewd1eocipf19gy-gencatlg 2ddccBK 00102ddc40708NFICaCLbCLcGENd2016-11-23l0o338.9 DEMpS3H-N-1260r2016-11-23w2016-11-23yBK